British Mammals - Statistics

General Stats
  • This quiz has been taken 56 times
  • The average score is 33 of 76
Answer Stats
Population Status Common Name Scientific Name % Correct
Extinct Grey Wolf Canis lupus
91%
Extant, Native Eurasian Red Squirrel Sciurus vulgaris
85%
Extant, Native Red Fox Vulpes vulpes
85%
Extinct Eurasian Lynx Lynx lynx
82%
Extinct Brown Bear Ursus arctos
79%
Extant, Native European Otter Lutra lutra
79%
Extant, Native Red Deer Cervus elaphus
79%
Extant, Native European Badger Meles meles
76%
Extant, Native European Hedgehog Erinaceus europaeus
76%
Reintroduced, Native Wild Boar Sus scrofa
76%
Extant, Native ? Wild Horse Equus ferus
76%
Reintroduced, Native Eurasian Beaver Castor fiber
74%
Extant, Native Orca Orcinus orca
74%
Extant, Naturalised Black Rat Rattus rattus
71%
Extant, Naturalised Brown Rat Rattus norvegicus
71%
Extinct European Bison Bison bonasus
71%
Extant, Naturalised European Rabbit Oryctolagus cuniculus
71%
Extant, Native Western Roe Deer Capreolus capreolus
71%
Extant, Native Least Weasel Mustela nivalis
68%
Extant, Native Pine Marten Martes martes
68%
Extant, Native Stoat Mustela erminea
68%
Extant, Native European Mole Talpa europaea
65%
Extant, Native European Wildcat Felis silvestris
65%
Extant, Naturalised European Fallow Deer Dama dama
62%
Extant, Native Grey Seal Halichoerus grypus
59%
Extant, Native Common Bottlenose Dolphin Tursiops truncatus
53%
Extant, Native Common Shrew Sorex araneus
50%
Extant, Native Eurasian Water Vole Arvicola amphibius
50%
Extant, Native Hazel Dormouse Muscardinus avellanarius
50%
Extant, Native House Mouse Mus musculus
47%
Vagrant Walrus Obodenus rosmarus
47%
Extant, Native Common Seal Phoca vitulina
44%
Extinct Reindeer Rangifer tarandus
41%
Extinct Wild Cattle Bos taurus
41%
Extant, Naturalised Brown Hare Lepus europaeus
38%
Extant, Native Common Dolphin Delphinus delphis
38%
Extant, Native Common Minke Whale Balaenoptera acutorostrata
38%
Extant, Native Eurasian Harvest Mouse Micromys minutus
38%
Extant, Native Fin Whale Baleonoptera physalus
38%
Vagrant Humpback Whale Megaptera novaeangliae
38%
Extinct Moose Alces alces
38%
Extant, Native Mountain Hare Lepus timidus
38%
Extant, Native Bank Vole Myodes glareolus
35%
Extant, Native Common Pipistrelle Pipistrellus pipistrellus
35%
Extant, Native European Polecat Mustela putorius
35%
Extant, Native Harbour Porpoise Phocoena phocoena
35%
Vagrant Sperm Whale Physeter macrocephalus
35%
Extant, Native Common Noctule Nyctalus noctula
29%
Extant, Native Eurasian Water Shrew Neomys fodiens
29%
Extant, Native Field Vole Microtus agrestis
29%
Extant, Native Wood Mouse Apodemus sylvaticus
29%
Vagrant Bearded Seal Erignathus barbatus
26%
Extant, Native Daubenton's Bat Myotis daubentonii
26%
Extant, Native Eurasian Pygmy Shrew Sorex minutus
26%
Extant, Native Bechstein's Bat Myotis bechsteinii
24%
Extant, Native Brandt's Bat Myotis brandti
24%
Extant, Native Western Barbastelle Barbastella barbastellus
24%
Extant, Native Brown Long Eared Bat Plecotus auritus
21%
Extant, Native Greater Horseshoe Bat Rhinolophus ferrumequinum
21%
Vagrant Harp Seal Pagophilus groenlandicus
21%
Vagrant Hooded Seal Cystophora cristata
21%
Extant, Native Lesser Horseshoe Bat Rhinolophus hipposideros
21%
Vagrant Ringed Seal Pusa hispida
21%
Extant, Native Risso's Dolphin Grampus griseus
21%
Vagrant Greater Mouse-Eared Bat Myotis myotis
18%
Extant, Native Grey Long Eared Bat Plecotus austriacus
18%
Extant, Native Natterer's Bat Myotis nattereri
18%
Extant, Native Serotine Eptesicus serotinus
18%
Extant, Native Yellow Necked Mouse Apodemus flavicollis
18%
Extant, Native Leisler's Bat Nyctalus leisleri
15%
Extant, Native Whiskered Bat Myotis mystacinus
15%
Extant, Native Alcathoe Bat Myotis alcathoe
12%
Vagrant Kuhl's Pipistrelle Pipistrellus kuhlii
12%
Extant, Native Nathusius's Pipistrelle Pipistrellus nathusii
12%
Vagrant Parti-Coloured Bat Vespertilio murinus
9%
Extant, Native Soprano's Pipistrelle Pipistrellus pygmaeus
9%
No matching quizzes found
Score Distribution
Percent of People with Each Score
Percentile by Number Answered
Your Score History
You have not taken this quiz